BIBLIOTECA

SENCICO

Manual de medidas eléctricas (Registro nro. 3272)

Detalles MARC
000 -LEADER
fixed length control field 00726nam a2200205Ia 4500
005 - DATE AND TIME OF LATEST TRANSACTION
control field 20251020182609.0
008 - FIXED-LENGTH DATA ELEMENTS--GENERAL INFORMATION
fixed length control field 200515s9999 xx 000 0 und d
082 ## - DEWEY DECIMAL CLASSIFICATION NUMBER
Classification number SC/621.3/R78
100 ## - MAIN ENTRY--PERSONAL NAME
Personal name ROLDAN, José
245 #0 - TITLE STATEMENT
Title Manual de medidas eléctricas
250 ## - EDITION STATEMENT
Edition statement 4a ed.
260 ## - PUBLICATION, DISTRIBUTION, ETC.
Place of publication, distribution, etc. Barcelona
260 ## - PUBLICATION, DISTRIBUTION, ETC.
Date of publication, distribution, etc. 1975
300 ## - PHYSICAL DESCRIPTION
Extent 128
520 ## - SUMMARY, ETC.
Summary, etc. Aparatos de medida son dispositivos destinados a realizar la medición de las magnitudes eléctricas. Por ser muchas las magnitudes eléctricas a medir, los aparatos son muchos y muy variados, desde sencillos en conexiones y funcionamiento, hasta muy complej
650 ## - SUBJECT ADDED ENTRY--TOPICAL TERM
Topical term or geographic name entry element INSTALACIONES ELECTRICAS
650 ## - SUBJECT ADDED ENTRY--TOPICAL TERM
Topical term or geographic name entry element MANUALES
650 ## - SUBJECT ADDED ENTRY--TOPICAL TERM
Topical term or geographic name entry element MEDIDAS ELECTRICAS
942 ## - ADDED ENTRY ELEMENTS (KOHA)
Koha item type Libros
Existencias
Fecha de la última vez que lo usaron Pago total Signatura topográfica completa Código de barras Precio efectivo desde Tipo de documento Estado perdido Estado dañado No es para préstamo Retirado Ubicación permanente Ubicación actual Fecha de adquisición
15/05/2020   SC/621.3/R78 Bib-Lima15053272 15/05/2020 Libros         Biblioteca Central Lima Biblioteca Central Lima 15/05/2020